LIBRARY & INFORMATION CENTRE, KCAET, TAVANUR

ONLINE PUBLIC ACCESS CATALOGUE (OPAC)

Calculus with analytic geometry / (Record no. 2241)

MARC details
000 -LEADER
fixed length control field 00457cam a2200181ua 4500
041 ## - LANGUAGE CODE
Language code of text/sound track or separate title eng
082 ## - DEWEY DECIMAL CLASSIFICATION NUMBER
Classification number 515.15
Item number FAD/CA
100 ## - MAIN ENTRY--AUTHOR NAME
Personal name Fadell , Albert G .
245 ## - TITLE STATEMENT
Title Calculus with analytic geometry /
250 ## - EDITION STATEMENT
Edition statement 1 /
260 ## - PUBLICATION, DISTRIBUTION, ETC. (IMPRINT)
Place of publication London :
Name of publisher D. Van Nostrand Company Inc ,
Year of publication 1964.
300 ## - PHYSICAL DESCRIPTION
Number of Pages 705 ; .
942 ## - ADDED ENTRY ELEMENTS (KOHA)
Koha item type Books
Holdings
Withdrawn status Lost status Damaged status Home library Current library Date acquired Full call number Accession Number Koha item type
      KAUAET KAUAET 07/04/2012 515.15 10483 Books
free website counter